Language Quiz

Random Language or Latin Quiz

4th Declension Case Endings Quiz Stats

 Plays Quiz not verified by Sporcle

Challenge
Share
Tweet
Embed
Score 0/10 Timer 10:00
0 Plays Today
Form % Correct
portus
100%
portūs
98.1%
portuī
94.8%
portum
93.7%
portū
93.3%
portūs
93%
portuum
90.2%
portibus
88.9%
portibus
87.8%
portūs
87.2%

You're not logged in!

Compare scores with friends on all Sporcle quizzes.
Join for Free
OR
Log In

You Might Also Like...

Show Comments

Extras

Top Quizzes Today


Score Distribution

Your Account Isn't Verified!

In order to create a playlist on Sporcle, you need to verify the email address you used during registration. Go to your Sporcle Settings to finish the process.

Report this User

Report this user for behavior that violates our Community Guidelines.

Details: